000 01097nam0a22002411 4500
001 rc\965557
005 20250622061132.0
035 _a(NLR Aleph) 006134859
090 _a5600092
_c5600092
100 _a20041129d1982 |||y0rusy50 ca
101 0 _arus
102 _aRU
105 _ay |||||||||
200 1 _aЭлектрокерамические изделия, экспорт которых гарантирован
_eВ части подразделов
_e20.00 Вводы высокого напряжения (в том числе маслонаполненные)
_eНоменклатур. каталог
_eНКЭ 20.0.02-82
_fМ-во электротехн. пром-сти, ВНИИ информ. и техн.-экон. исслед. в электротехнике
210 _aМ.
_cИнформэлектро
_d1982
215 _a22 с.
_d14х22
225 1 _aСерия 20 "Электрокерамические изделия"
333 _aДСП. Экз. № 8
801 0 _aRU
_bNLR
_gpsbo
801 1 _aRU
_bELAR
_2rusmarc
852 _aNLR
_j82-50К/1817
942 _cBOOK
980 _aNB